[Event "Corus Chess 2009"]
[Site "Wijk aan Zee"]
[Date "17.01.2009"]
[Round "1"]
[White "Carlsen,M"]
[Black "Radjabov,T"]
[Result "1/2-1/2"]
[BlackElo "2761"]
[EventDate "2009.01.17"]
[WhiteElo "2776"]

1.e4 c5 2.Nf3 e6 3.g3 d5 4.exd5 exd5 5.d4 Nc6 6.Bg2 Bg4 7.O-O Be7 8.dxc5
Bxc5 9.Qe1+ Be7 10.Ne5 Be6 11.c4 Nf6 12.Nc3 Rc8 13.cxd5 Nxd5 14.Bh6 Nxe5
15.Rd1 gxh6 16.Qxe5 Bf6 17.Qe2 Bxc3 18.Bxd5 Qe7 19.Qb5+ Qd7 20.Qb3 Rc5
21.Bxe6 Qxe6 22.Qa3 b6 23.bxc3 O-O 24.Qxa7 Rxc3 25.Rfe1 Qf6 26.Qa4 Rc5
27.Re4 Rf5 28.Rg4+ Kh8 29.Qb4 Rc8 30.Rc4 Re8 31.Re4 Rc8 32.Re2 Rfc5 33.Re4
Rf5 34.Rde1 Rg8 35.Re8 Rfg5 36.R8e4 Rf5 37.R1e2 Qa1+ 38.Kg2 Qf6 39.a4 Qc6
40.Qb2+ Qf6 41.Rb4 Qxb2 42.Rexb2 Ra8 43.Rxb6 Rxa4 44.Rxh6 Kg7 45.Rd6 h6
46.f4 Rfa5 47.Rdd2 Ra6 48.Kh3 R6a5 49.Kh4 Ra6 50.Rbc2 R6a5 51.Rf2 Ra6 52.Kh5
R4a5+ 53.f5 Rg6 54.g4 Ra3 55.Kh4 Rb6 56.h3 Rbb3 57.Rh2 Rf3 58.Rcf2 Rfe3
59.Rf1 Rab3 60.Rfh1 Rf3   1/2-1/2

[Event "Corus Chess 2009"]
[Site "Wijk aan Zee"]
[Date "28.01.2009"]
[Round "10"]
[White "Stellwagen,D"]
[Black "Morozevich,A"]
[Result "1/2-1/2"]
[BlackElo "2771"]
[EventDate "2009.01.17"]
[WhiteElo "2612"]

1.e4 e5 2.Nf3 Nc6 3.Bb5 a6 4.Ba4 Nf6 5.O-O Be7 6.Re1 b5 7.Bb3 d6 8.c3 O-O
9.h3 Re8 10.d4 Bb7 11.Nbd2 Bf8 12.a4 h6 13.Bc2 exd4 14.cxd4 Nb4 15.Bb1
c5 16.d5 Nd7 17.Ra3 c4 18.axb5 axb5 19.Nd4 Rxa3 20.bxa3 Nd3 21.Bxd3 cxd3
22.Bb2 Qa5 23.Re3 Nc5 24.Nf5 g6 25.Ng3 b4 26.Nh5 bxa3 27.Nf6+ Kh8 28.Ba1
Rc8 29.Ne8+ Kg8 30.Nf6+ Kh8 31.Nh5+   1/2-1/2

[Event "Corus Chess 2009 - C"]
[Site "Wijk aan Zee"]
[Date "17.01.2009"]
[Round "1C"]
[White "Hillarp Persson,T"]
[Black "Pruijssers,R"]
[Result "1/2-1/2"]
[BlackElo "2444"]
[EventDate "2009.01.17"]
[WhiteElo "2586"]

1.e4 e5 2.Nf3 Nc6 3.Bc4 Bc5 4.d3 Nf6 5.c3 a6 6.Bb3 Ba7 7.Nbd2 O-O 8.h3 d6
9.Nf1 Be6 10.Ng3 d5 11.Qe2 dxe4 12.dxe4 Qe7 13.O-O h6 14.Bc2 Ne8 15.Nh2
Nd6 16.Qh5 Qf6 17.Nf5 Bxf5 18.exf5 e4 19.Ng4 Qxf5 20.Qxf5 Nxf5 21.Bxe4
Ng3 22.Bxc6 bxc6 23.Re1 f5 24.Ne5 Rfe8 25.Be3 Rxe5 26.Bxa7 Ne2+ 27.Kf1
Rxa7 28.Rxe2 Rxe2 29.Kxe2 Kf7 30.Rd1 Ke7 31.Kd3 Rb7 32.Rd2 Rb5 33.Kc4 g5
34.Re2+ Kd7 35.Rd2+ Ke7 36.b3 Re5 37.Kb4 f4 38.c4 h5 39.c5 Rd5 40.Rc2 Rd8
41.Ka5 Ra8 42.g3 fxg3 43.fxg3 Ke6 44.Rf2 Rb8 45.Kxa6 Rb5 46.Rc2 Kd5 47.h4
gxh4 48.gxh4 Rb4 49.Rc3 Kd4 50.Rg3 Kxc5 51.Rg5+ Kd6 52.Rxh5 c5 53.Rh6+
Kd5 54.Ka5 Rb8 55.h5 c4 56.bxc4+ Kxc4 57.Rc6+ Kd5 58.Rc2 c5 59.Rh2 c4 60.h6
c3 61.h7 Rh8 62.Kb4 c2 63.Rd2+ Ke6 64.Rxc2 Rxh7 65.a4 Kd6 66.Kb5 Rb7+ 67.Ka6
Rb4 68.a5 Kd7 69.Ka7 Rb5 70.a6 Rb1 71.Rh2 Kc7 72.Rh7+ Kc8 73.Rb7 Rc1 74.Rb2
Kc7 75.Rb7+ Kc8 76.Kb6 Rb1+ 77.Kc6 Rxb7 78.axb7+ Kb8 79.Kb6   1/2-1/2

[Event "Corus Chess 2009 - C"]
[Site "Wijk aan Zee"]
[Date "17.01.2009"]
[Round "1C"]
[White "Howell,D"]
[Black "Bosboom,M"]
[Result "0-1"]
[BlackElo "2418"]
[EventDate "2009.01.17"]
[WhiteElo "2622"]

1.e4 d5 2.exd5 Qxd5 3.Nc3 Qd6 4.d4 Nf6 5.Bd3 a6 6.Nge2 Bg4 7.f3 Bh5 8.Bf4
Qb6 9.g4 Bg6 10.g5 Nh5 11.Be3 e6 12.Ne4 Nc6 13.Qd2 Nb4 14.Bc4 Qc6 15.Bb3
a5 16.a3 Nd5 17.Bf2 a4 18.Ba2 Nb6 19.Qd3 Be7 20.h4 h6 21.Rg1 hxg5 22.hxg5
Ra5 23.O-O-O Rxg5 24.Rh1 Rg2 25.Be3 Rh7 26.Rdg1 Rxg1+ 27.Rxg1 Bf5 28.c4
Nf6 29.N2c3 Rh3 30.Qf1 Kf8 31.Ng5 Rh2 32.Bd2 Qd7 33.Rh1 Rxd2 34.Rh8+ Ng8
35.Bb1 Bxg5   0-1

[Event "Corus Chess 2009 - C"]
[Site "Wijk aan Zee"]
[Date "17.01.2009"]
[Round "1C"]
[White "Nijboer,F"]
[Black "So,W"]
[Result "0-1"]
[BlackElo "2627"]
[EventDate "2009.01.17"]
[WhiteElo "2560"]

1.e4 c5 2.Nf3 e6 3.Nc3 Nc6 4.d4 cxd4 5.Nxd4 Qc7 6.Be3 a6 7.Qd2 Nf6 8.O-O-O
Bb4 9.f3 Ne5 10.Nb3 b5 11.Qd4 Nc6 12.Qb6 Qe5 13.Bd2 Rb8 14.Qf2 O-O 15.f4
Qc7 16.Bd3 d6 17.Qh4 Bxc3 18.Bxc3 e5 19.Rhf1 b4 20.Bd2 a5 21.Kb1 a4 22.Nc1
Bg4 23.Rde1 Rfc8 24.Rf2 Bd7 25.f5 Nd4 26.Bh6 Ne8 27.Bxg7 Nxg7 28.f6 b3
29.axb3 axb3 30.Qg3 Nde6 31.cxb3 Qa5 32.Rc2 Rxc2 33.Kxc2 Rc8+ 34.Kb1 Bb5
35.Rd1 Bxd3+ 36.Rxd3 Qb4 37.fxg7 Qxe4 38.Qe3 Qg6 39.Qg3 Qe4 40.Qf3 Qg6
41.Qg3 Qf5 42.Qh3 Qxh3 43.Rxh3 Nd4 44.b4 Rb8 45.Nb3 Ne6 46.Na5 Rxb4 47.Nc6
Rb6 48.Ne7+ Kxg7 49.Nf5+ Kg6 50.Ne7+ Kg7 51.Nf5+ Kf6 52.g4 e4 53.Rxh7 Nc5
54.Kc2 Na4 55.b4 Rxb4 56.Nxd6 Ke5 57.Nxf7+ Kd4 58.g5 Rb2+ 59.Kc1 Rg2 60.Rh8
Nc5 61.Rd8+ Kc3 62.Kd1 Nd3 63.Rc8+ Kd4 64.Nd6 Rg1+ 65.Kc2 Rc1+ 66.Kb3 Rxc8
67.Nxc8 e3   0-1

[Event "Corus Chess 2009 - C"]
[Site "Wijk aan Zee"]
[Date "17.01.2009"]
[Round "1C"]
[White "Romanishin,O"]
[Black "Bitalzadeh,A"]
[Result "1-0"]
[BlackElo "2400"]
[EventDate "2009.01.17"]
[WhiteElo "2533"]

1.Nf3 Nf6 2.g3 g6 3.Bg2 Bg7 4.O-O O-O 5.d4 d6 6.a4 Na6 7.b3 c5 8.Bb2 Bf5
9.Na3 Qd7 10.Qd2 Bh3 11.Rad1 Bxg2 12.Kxg2 cxd4 13.Bxd4 Rfc8 14.c4 Nc5 15.Qb2
Qc6 16.Nb5 Re8 17.Qc2 a6 18.Nc3 Ne6 19.Bxf6 Bxf6 20.Nd5 b5 21.Qe4 Qc5 22.cxb5
axb5 23.b4 Rxa4 24.Qxe6 fxe6 25.Nxf6+ exf6 26.bxc5 dxc5 27.Rd7 e5 28.Rc7
c4 29.Rd1 g5 30.Rdd7 Ra2 31.Nd2 e4 32.Nxe4   1-0

[Event "Corus Chess 2009 - C"]
[Site "Wijk aan Zee"]
[Date "17.01.2009"]
[Round "1C"]
[White "Giri,A"]
[Black "Holzke,F"]
[Result "1/2-1/2"]
[BlackElo "2524"]
[EventDate "2009.01.17"]
[WhiteElo "2469"]

1.d4 d5 2.c4 c6 3.Nc3 dxc4 4.e3 b5 5.a4 b4 6.Ne4 Qd5 7.Nd2 c3 8.bxc3 bxc3
9.Nb1 Qa5 10.Qc2 Na6 11.Ba3 e5 12.Bxf8 Kxf8 13.Bxa6 Bxa6 14.dxe5 Rb8 15.Nxc3
Qxe5 16.Nge2 Bxe2 17.Kxe2 Nf6 18.Rab1 g6 19.Rxb8+ Qxb8 20.Rb1 Qxh2 21.Ne4
Qh5+ 22.f3 Nxe4 23.Qb2 Kg8 24.Qd4 Qh2 25.fxe4 h5 26.Qf6 Qxg2+ 27.Kd3 Kh7
28.Rb7 Rf8 29.Rxf7+ Rxf7 30.Qxf7+ Kh6 31.Qf8+ Kh7 32.Qe7+ Kh6 33.Qf8+ Kh7
34.Qf7+ Kh6   1/2-1/2

[Event "Corus Chess 2009 - C"]
[Site "Wijk aan Zee"]
[Date "17.01.2009"]
[Round "1C"]
[White "Gupta,Ab"]
[Black "Harika,D"]
[Result "0-1"]
[BlackElo "2473"]
[EventDate "2009.01.17"]
[WhiteElo "2569"]

1.d4 d5 2.c4 c6 3.Nc3 dxc4 4.e4 b5 5.a4 b4 6.Na2 Nf6 7.e5 Nd5 8.Bxc4 e6
9.Nf3 a5 10.Bg5 Qb6 11.Nc1 Ba6 12.Bxa6 Nxa6 13.Nb3 h6 14.Bh4 c5 15.Nfd2
Nb8 16.O-O Nd7 17.Rc1 Qc6 18.dxc5 Nf4 19.Nf3 Nxe5 20.Nbd4 Nxf3+ 21.gxf3
Qd5 22.Nb5 Rc8 23.Qxd5 exd5 24.c6 g5 25.Bg3 Ne2+ 26.Kg2 Nxc1 27.Rxc1 f5
28.Bc7 Bg7 29.Bxa5 Bxb2 30.Re1+ Kf7 31.c7 Bc3 32.Rd1 Ra8 33.Bb6 Rxa4 34.Rxd5
Bf6 35.Rc5 b3 36.Nd6+ Ke6 37.Nb7 Rb4 38.Rc6+   0-1

[Event "Corus Chess 2009 - C"]
[Site "Wijk aan Zee"]
[Date "17.01.2009"]
[Round "1C"]
[White "Iturrizaga,E"]
[Black "Leon Hoyos,M"]
[Result "1-0"]
[BlackElo "2542"]
[EventDate "2009.01.17"]
[WhiteElo "2528"]

1.d4 Nf6 2.Nf3 e6 3.c4 b6 4.g3 Bb7 5.Bg2 Be7 6.O-O O-O 7.Re1 d5 8.cxd5 exd5
9.Nc3 Nbd7 10.Bf4 Nh5 11.Be3 c6 12.Ne5 Bd6 13.f4 f6 14.Nxd7 Qxd7 15.Bf2
f5 16.e4 Nxf4 17.gxf4 fxe4 18.Qb3 Kh8 19.Ne2 Ba6 20.Qh3 Qf7 21.Be3 c5 22.Rad1
Rac8 23.dxc5 Bxc5 24.Nd4 Rce8 25.Bf1 Bc8 26.Qg3 Bd6 27.Bb5 Re7 28.Kh1 a6
29.Be2 Qe8 30.Qg5 Ref7 31.Rg1 h6 32.Qg6 Bc5 33.Bh5 Qd7 34.f5 Rf6 35.Qg4
Qe7 36.Bg6 Bxd4 37.Bxd4   1-0

[Event "Corus Chess 2009 - C"]
[Site "Wijk aan Zee"]
[Date "18.01.2009"]
[Round "2C"]
[White "Pruijssers,R"]
[Black "Leon Hoyos,M"]
[Result "1-0"]
[BlackElo "2542"]
[EventDate "2009.01.17"]
[WhiteElo "2444"]

1.e4 e5 2.Nf3 Nc6 3.Bb5 a6 4.Ba4 Nf6 5.O-O Nxe4 6.d4 b5 7.Bb3 d5 8.dxe5
Be6 9.Nbd2 Be7 10.c3 O-O 11.Re1 Nc5 12.Nd4 Qd7 13.Bc2 Bg4 14.f3 Bh5 15.Bf5
Qe8 16.N2b3 Bg6 17.Bxg6 hxg6 18.Bf4 Qd7 19.Bg3 Rfe8 20.Bf2 Nd8 21.Qc2 Nce6
22.Nxe6 Nxe6 23.Nd4 c5 24.Nxe6 Qxe6 25.a4 Rab8 26.axb5 axb5 27.Ra5 g5 28.Qd3
Red8 29.Rea1 g6 30.Ra6 Qf5 31.Qxf5 gxf5 32.Ra7 Bf8 33.h4 g4 34.fxg4 fxg4
35.Bg3 c4 36.Kh2 Bc5 37.Rc7 Rbc8 38.Rxc8 Rxc8 39.Ra5 Rb8 40.e6 Rb7 41.Ra8+
Kh7 42.Be5 Kg6 43.Rg8+ Kf5 44.exf7 Kxe5 45.Re8+ Kf4 46.f8=Q Bxf8 47.Rxf8+
Ke3 48.Kg3 d4 49.cxd4 b4 50.Kxg4 Ke2 51.Ra8 Kf2 52.Kf5 Kxg2 53.d5 Kf3 54.d6
Rh7 55.Ke6 Rh6+ 56.Kd5 Rxh4 57.d7 Ke3 58.Re8+ Kd3 59.d8=Q Rd4+ 60.Kc5 
 1-0

[Event "Corus Chess 2009 - C"]
[Site "Wijk aan Zee"]
[Date "18.01.2009"]
[Round "2C"]
[White "Harika,D"]
[Black "Iturrizaga,E"]
[Result "1/2-1/2"]
[BlackElo "2528"]
[EventDate "2009.01.17"]
[WhiteElo "2473"]

1.d4 Nf6 2.c4 e6 3.g3 c5 4.d5 exd5 5.cxd5 d6 6.Nc3 g6 7.Bg2 Bg7 8.Nf3 O-O
9.O-O Nbd7 10.Bf4 Nb6 11.a4 Nh5 12.Bg5 f6 13.Bc1 Nc4 14.e4 f5 15.Qe2 Ne5
16.Nxe5 Bxe5 17.f4 Bd4+ 18.Be3 Re8 19.Rae1 Nf6 20.Qd2 Bxc3 21.Qxc3 Nxe4
22.Bxe4 fxe4 23.b4 Bh3 24.Rf2 Rc8 25.bxc5 Qd7 26.Qc4 dxc5 27.Bc1 Bf5 28.Bb2
h5 29.Be5 Red8 30.Rd2 a6 31.a5 Qb5 32.Qc3 c4 33.d6 Rd7 34.Rd4 Rc5 35.Rc1
Qxa5 36.Qxa5 Rxa5 37.Rdxc4 Kf7 38.h3 Ra3 39.g4 hxg4 40.hxg4 Bxg4 41.Rxe4
Bf3 42.Rc7 Ke6 43.Re1 Rd3 44.Kf2 Bc6 45.Rg1 Kf7 46.Rc1 Ke6 47.Rg1 Be4 48.Rgc1
Bc6 49.Rg1   1/2-1/2

[Event "Corus Chess 2009 - C"]
[Site "Wijk aan Zee"]
[Date "18.01.2009"]
[Round "2C"]
[White "Holzke,F"]
[Black "Gupta,Ab"]
[Result "0-1"]
[BlackElo "2569"]
[EventDate "2009.01.17"]
[WhiteElo "2524"]

1.d4 d5 2.c4 c6 3.Nf3 Nf6 4.Nc3 e6 5.e3 Nbd7 6.Bd3 dxc4 7.Bxc4 b5 8.Bd3
Bd6 9.Ng5 Bb7 10.Bd2 O-O 11.Qc2 h6 12.Nge4 Be7 13.O-O Rc8 14.Rfd1 Nd5 15.a3
f5 16.Ng3 c5 17.Bxb5 cxd4 18.exd4 N7f6 19.Be2 Kh8 20.Nf1 Bd6 21.Qd3 Ne4
22.Bf3 Ndxc3 23.Bxc3 Qb6 24.Nd2 Ba6 25.Qe3 Nxc3 26.bxc3 e5 27.Bd5 Rfe8
28.Nf3 e4 29.Nh4 Qa5 30.c4 Bxc4 31.Bxc4 Rxc4 32.Qh3 f4 33.Nf5 Bf8 34.Qh5
Qd8 35.Nh4 e3 36.Ng6+ Kg8 37.fxe3 fxe3 38.Nxf8 Rxf8 39.Qe2 Rxd4 40.Rxd4
Qxd4 41.Rd1 Qc5 42.Rd3 Qc1+ 43.Qd1 Qxd1+ 44.Rxd1 Rc8 45.Kf1 Rc3 46.a4 Ra3
47.Ke2 Ra2+ 48.Kf3 e2 49.Rb1 Kf7 50.g3 Kf6 51.h4 h5 52.Kf2 g6 53.Rb8 Rxa4
54.Kxe2 Rg4 55.Rf8+ Ke5 56.Re8+ Kd5 57.Ra8 Rxg3 58.Rxa7 Rg4 59.Kf3 Rxh4
60.Re7 Rg4 61.Re8 Kd6 62.Re1 Rg5 63.Re8 Re5 64.Rg8 Rf5+ 65.Kg3 Rg5+ 66.Kf4
Rg4+ 67.Kf3 Ke5 68.Rf8 Ra4   0-1

[Event "Corus Chess 2009 - C"]
[Site "Wijk aan Zee"]
[Date "18.01.2009"]
[Round "2C"]
[White "Bitalzadeh,A"]
[Black "Giri,A"]
[Result "1/2-1/2"]
[BlackElo "2469"]
[EventDate "2009.01.17"]
[WhiteElo "2400"]

1.d4 d5 2.c4 c6 3.Nf3 Nf6 4.Qb3 dxc4 5.Qxc4 Bg4 6.Nbd2 Nbd7 7.g3 e6 8.Bg2
Bd6 9.h3 Bh5 10.Qb3 Qb8 11.Nc4 Bc7 12.Qa3 Nb6 13.Nfe5 Nxc4 14.Nxc4 Nd5
15.e4 Nb6 16.Na5 Bd6 17.Qb3 O-O 18.f4 Rd8 19.Be3 Bc7 20.g4 Nd5 21.Nc4 Nxe3
22.Nxe3 Ba5+ 23.Ke2 Rxd4 24.Rad1 Rb4 25.Qa3 Qxf4 26.Qxa5 Rxb2+ 27.Rd2 Rxd2+
28.Qxd2 Bg6 29.Qd7 h5 30.Rb1 b6 31.Qxc6 Rd8 32.Qc2 Kh7 33.Rf1 Qb8 34.Rc1
Rd4 35.Qc7 Qe8 36.Qe5 Qa4 37.gxh5 Bxe4 38.h6 f6 39.Qg3 g5 40.Bxe4+ Rxe4
41.Qd6 Qb5+ 42.Qd3 Qxd3+ 43.Kxd3 Ra4 44.Rc6 Ra3+ 45.Kd4 Ra4+ 46.Kd3 Ra3+
  1/2-1/2

[Event "Corus Chess 2009 - C"]
[Site "Wijk aan Zee"]
[Date "18.01.2009"]
[Round "2C"]
[White "So,W"]
[Black "Romanishin,O"]
[Result "1/2-1/2"]
[BlackElo "2533"]
[EventDate "2009.01.17"]
[WhiteElo "2627"]

1.e4 e5 2.Nf3 Nc6 3.Bb5 a6 4.Ba4 Nf6 5.O-O Be7 6.Re1 b5 7.Bb3 d6 8.c3 O-O
9.h3 Na5 10.Bc2 c5 11.d4 Nd7 12.Nbd2 cxd4 13.cxd4 Nc6 14.Nb3 a5 15.Be3
a4 16.Nbd2 exd4 17.Nxd4 Nxd4 18.Bxd4 Ne5 19.Nf3 Bf6 20.Nxe5 Bxe5 21.Bxe5
dxe5 22.Qd5 Be6 23.Qxb5 Qg5 24.h4 Qf6 25.b3 axb3 26.Bxb3 Bxb3 27.axb3 Rab8
28.Qd3 Qxh4 29.Ra5 Rb6 30.Rxe5 Rh6 31.Qh3 Qxh3 32.gxh3 Rxh3 33.Rb1 f6 34.Rc5
Re8 35.Kg2 Rd3 36.Rc4 Re5 37.b4 Rb5 38.Kf1 Rd7 39.Rc5 Rxc5 40.bxc5 Rd4
41.Ke2 h5 42.Rc1 Kf7 43.Ke3 Rd8 44.f4 h4 45.f5 h3 46.Kf3 Rd3+ 47.Ke2 Rd8
48.Kf3   1/2-1/2

[Event "Corus Chess 2009 - C"]
[Site "Wijk aan Zee"]
[Date "18.01.2009"]
[Round "2C"]
[White "Bosboom,M"]
[Black "Nijboer,F"]
[Result "1-0"]
[BlackElo "2560"]
[EventDate "2009.01.17"]
[WhiteElo "2418"]

1.d4 Nf6 2.Nf3 g6 3.Nc3 Bg7 4.Bf4 d5 5.Qd2 Ne4 6.Nxe4 dxe4 7.Ne5 f6 8.Nc4
O-O 9.e3 c5 10.O-O-O Bg4 11.Be2 Bxe2 12.Qxe2 Qd5 13.dxc5 Qxc5 14.Nd2 e5
15.Bg3 f5 16.Nb3 Qc6 17.f3 a5 18.a3 a4 19.Nd2 Rc8 20.Nb1 exf3 21.gxf3 Ra5
22.Rd3 e4 23.fxe4 Rc5 24.c3 Qxe4 25.Rf1 Qe8 26.Qd1 b5 27.Bd6 R5c6 28.Nd2
Na6 29.Nf3 Rd8 30.Bf4 Rcc8 31.Rd6 Rxd6 32.Qxd6 Qc6 33.Qxc6 Rxc6 34.Rd1
Bf6 35.Rd5 Nc5 36.Kc2 Be7 37.Nd4 Rb6 38.Bc7 Rb7 39.Ba5 Nb3 40.Nxb3 axb3+
41.Kxb3 Bg5 42.e4 Bf4 43.exf5 g5 44.h3 h5 45.Kb4 h4 46.Kc5 g4 47.Kc6 Rf7
48.hxg4 h3 49.Rd8+ Rf8 50.Rd1 h2 51.Rh1 Re8 52.Bb6 Re2 53.b4 Rc2 54.Bd4
  1-0

[Event "Corus Chess 2009 - C"]
[Site "Wijk aan Zee"]
[Date "18.01.2009"]
[Round "2C"]
[White "Hillarp Persson,T"]
[Black "Howell,D"]
[Result "1-0"]
[BlackElo "2622"]
[EventDate "2009.01.17"]
[WhiteElo "2586"]

1.e4 e5 2.Nf3 Nc6 3.Bb5 Nf6 4.d3 d6 5.O-O g6 6.d4 Bd7 7.d5 Ne7 8.Bxd7+ Qxd7
9.Qd3 Bg7 10.c4 Nh5 11.Nc3 h6 12.Ne1 O-O 13.Qd1 c5 14.g3 Kh8 15.Bd2 Rae8
16.f3 f5 17.Nd3 Nf6 18.Nf2 g5 19.Kg2 a6 20.a4 a5 21.exf5 Nxf5 22.Nce4 Ng8
23.Ra3 b6 24.Qb3 Qc7 25.Qd3 Rf7 26.Bc3 Nge7 27.Raa1 Ref8 28.Rae1 Qd7 29.b3
Ng6 30.Qd1 Nfh4+ 31.gxh4 Nxh4+ 32.Kh1 Rxf3 33.Qe2 g4 34.Rg1 h5 35.Ref1
Ng6 36.Nd3 Nh4 37.Ng5 Rxf1 38.Rxf1 Rf5 39.Rxf5 Qxf5 40.Ne4 Bf8 41.Ng3 Qg6
42.Qe4 Kh7 43.h3 Qxe4+ 44.Nxe4 Kg6 45.hxg4 hxg4 46.Kg1 Nf3+ 47.Kg2 Kf5
48.Ng3+ Kg5 49.Bb2 Kg6 50.Nf2 Nh4+ 51.Kf1 Nf5 52.Nxf5 Kxf5 53.Bc1 Be7 54.Kg2
Bh4 55.Bh6 g3 56.Nh1 Kg4 57.Bf8 e4 58.Bxd6 e3 59.Nxg3   1-0

[Event "Corus Chess 2009 - C"]
[Site "Wijk aan Zee"]
[Date "19.01.2009"]
[Round "3C"]
[White "Howell,D"]
[Black "Pruijssers,R"]
[Result "1-0"]
[BlackElo "2444"]
[EventDate "2009.01.17"]
[WhiteElo "2622"]

1.e4 e5 2.Nf3 Nc6 3.Bc4 Bc5 4.c3 Nf6 5.d3 a6 6.Bb3 Ba7 7.h3 O-O 8.Bg5 h6
9.Bh4 g5 10.Bg3 Re8 11.h4 g4 12.Nh2 d6 13.Nd2 Kg7 14.Ndf1 d5 15.Qe2 d4
16.f3 gxf3 17.Qxf3 Na5 18.c4 Qe7 19.Nd2 h5 20.Bd1 Rh8 21.b4 Nc6 22.a3 a5
23.Rb1 Rh6 24.c5 Ng4 25.Nc4 axb4 26.axb4 f6 27.Nxg4 hxg4 28.Qf2 b5 29.Nd2
Bb8 30.O-O Ra3 31.Qe2 Qd8 32.Rf5 Ne7 33.Rf2 Ng6 34.Rf5 Ne7 35.Qxg4+ Rg6
36.Qf3 Bxf5 37.exf5 Rh6 38.Bb3 Qh8 39.Ne4 c6 40.Be1 Kf8 41.g3 Nd5 42.Bd2
Rh7 43.Bc1 Ra6 44.Bd2 Rha7 45.Kg2 Ra1 46.Rxa1 Rxa1 47.h5 Rb1 48.Bd1 Ne3+
49.Bxe3 dxe3 50.Be2 Qh6 51.g4 Rb2 52.g5 fxg5 53.f6 Bc7 54.Qg4 Bd8 55.Qc8
Rxe2+ 56.Kg3 Kg8 57.Qe6+ Kf8 58.Qc8 Qxh5 59.Qxd8+ Qe8 60.Qd6+ Kg8 61.Nxg5
Rf2 62.Qe7 Rf3+ 63.Kg2 Rf2+ 64.Kg1 Rf1+ 65.Kxf1 e2+ 66.Ke1   1-0

[Event "Corus Chess 2009 - C"]
[Site "Wijk aan Zee"]
[Date "19.01.2009"]
[Round "3C"]
[White "Romanishin,O"]
[Black "Bosboom,M"]
[Result "1/2-1/2"]
[BlackElo "2418"]
[EventDate "2009.01.17"]
[WhiteElo "2533"]

1.Nf3 d6 2.d4 g6 3.g3 Bg7 4.Bg2 Nf6 5.O-O O-O 6.a4 a5 7.Nc3 Nbd7 8.b3 e5
9.dxe5 dxe5 10.Ba3 Re8 11.Nd2 h5 12.h4 Bf8 13.Bb2 Nc5 14.Nc4 Qe7 15.Nd5
Nxd5 16.Qxd5 Bg7 17.Ba3 Bf8 18.Rad1 e4 19.Bxc5 Qxc5 20.Bxe4 Qxd5 21.Bxd5
Rxe2 22.Ne3 Bg4 23.Bxb7 Re8 24.Nxg4 hxg4 25.Rd4 Rxc2 26.Rxg4 Bc5 27.Bd5
Kg7 28.Rc4 Ree2 29.Rxc2 Rxc2 30.Kg2 f5 31.Bc4 Kf6 32.g4 fxg4 33.Kg3 Rd2
34.Kxg4 Rxf2   1/2-1/2

[Event "Corus Chess 2009 - C"]
[Site "Wijk aan Zee"]
[Date "19.01.2009"]
[Round "3C"]
[White "Giri,A"]
[Black "So,W"]
[Result "1/2-1/2"]
[BlackElo "2627"]
[EventDate "2009.01.17"]
[WhiteElo "2469"]

1.d4 d5 2.c4 c6 3.Nf3 Nf6 4.e3 a6 5.Bd3 Bg4 6.Nbd2 e6 7.O-O Nbd7 8.Qc2 Bd6
9.b3 Qe7 10.Bb2 g6 11.Rfe1 O-O 12.Ne5 Bf5 13.Nxd7 Qxd7 14.e4 dxe4 15.Nxe4
Bxe4 16.Bxe4 Qc7 17.g3 Nxe4 18.Rxe4 Be7 19.Rd1 Rad8 20.h4 Bf6 21.h5 Rd7
22.Kg2 Rfd8 23.hxg6 hxg6 24.Rh1 Bxd4 25.Qd2 Bxb2 26.Qxb2 e5 27.Rxe5 Rd4
28.Qe2 c5 29.Re8+ Kg7 30.Rxd8 Rxd8 31.Qe3 Qc6+ 32.f3 Qf6 33.Qh6+ Kg8 34.Qh7+
Kf8 35.Qh8+ Qxh8 36.Rxh8+ Ke7 37.Rxd8 Kxd8 38.Kf2 Ke7   1/2-1/2

[Event "Corus Chess 2009 - C"]
[Site "Wijk aan Zee"]
[Date "19.01.2009"]
[Round "3C"]
[White "Gupta,Ab"]
[Black "Bitalzadeh,A"]
[Result "0-1"]
[BlackElo "2400"]
[EventDate "2009.01.17"]
[WhiteElo "2569"]

1.d4 Nf6 2.c4 e6 3.Nf3 b6 4.a3 Ba6 5.Qc2 Bb7 6.Nc3 c5 7.e4 cxd4 8.Nxd4 Bc5
9.Nb3 Nc6 10.Bg5 h6 11.Bh4 e5 12.Bd3 a5 13.Nb5 O-O 14.O-O Ba6 15.Qc3 Be7
16.Bg3 d6 17.Rac1 Nd7 18.Na1 Nc5 19.f3 Bxb5 20.cxb5 Nd4 21.Bc4 Bg5 22.Rb1
Rc8 23.Rfe1 Qc7 24.b3 Ncxb3 25.Nxb3 Qxc4 26.Qxc4 Rxc4 27.Nxd4 exd4 28.Bxd6
Rd8 29.e5 d3 30.Red1 d2 31.h4 Rc1 32.hxg5 Rxb1 33.Rxb1 Rc8 34.Rd1 Rc1 35.Kf2
Rxd1 36.Ke2 Rg1 37.Kxd2 Rxg2+ 38.Kc3 h5 39.e6 fxe6 40.Bc7 Rxg5 41.a4 Rc5+
  0-1

[Event "Corus Chess 2009 - C"]
[Site "Wijk aan Zee"]
[Date "19.01.2009"]
[Round "3C"]
[White "Iturrizaga,E"]
[Black "Holzke,F"]
[Result "1-0"]
[BlackElo "2524"]
[EventDate "2009.01.17"]
[WhiteElo "2528"]

1.c4 c5 2.Nf3 Nf6 3.Nc3 Nc6 4.d4 cxd4 5.Nxd4 e6 6.g3 Qb6 7.Ndb5 Ne5 8.Bf4
Nfg4 9.Qa4 a6 10.f3 g5 11.Bxg5 f6 12.Bf4 Nf2 13.Nc7+ Qxc7 14.Kxf2 Qb6+
15.Be3 Qxb2 16.Qb3 Nd3+ 17.Kg2 Bb4 18.Rb1 Ne1+ 19.Rxe1 Qxb3 20.axb3 Bxc3
21.Rc1 Bb4 22.Bb6 d6 23.e4 Bc5 24.Ba5 Bd4 25.Be2 b6 26.Rhd1 Be3 27.Rc3
Bc5 28.b4 bxa5 29.bxc5 dxc5 30.Ra3 Ra7 31.e5 fxe5 32.Re3 Rf8 33.Rxe5 Rf5
34.Re3 a4 35.f4 Rb7 36.Bg4 Rb2+ 37.Kh3 Rf6 38.Re5 Rh6+ 39.Bh5+ Ke7 40.Rxc5
e5+ 41.Rxc8 Rxh5+ 42.Kg4 Rhxh2 43.Rc7+ Ke8 44.fxe5 Rh6 45.c5 Rg6+ 46.Kf4
Rf2+ 47.Ke3 Rc2 48.Rc8+ Ke7 49.Rd6 a3 50.Rc7+ Ke8 51.Rxh7 Rxd6 52.cxd6
a2 53.Rh1 Kd7 54.g4 Rc4 55.Ra1 Ke6 56.Rxa2 Kxe5 57.Rd2 Rc3+ 58.Kf2 Rc8
59.g5 Kf5 60.Ke3 Rd8 61.g6 Kxg6 62.Ke4 Kf7 63.Kd5 Ra8 64.Rf2+ Ke8 65.Ke6
Ra7 66.Rh2 Re7+ 67.dxe7   1-0

[Event "Corus Chess 2009 - C"]
[Site "Wijk aan Zee"]
[Date "19.01.2009"]
[Round "3C"]
[White "Leon Hoyos,M"]
[Black "Harika,D"]
[Result "1-0"]
[BlackElo "2473"]
[EventDate "2009.01.17"]
[WhiteElo "2542"]

1.c4 c6 2.e4 d5 3.exd5 cxd5 4.d4 Nf6 5.Nc3 Nc6 6.Bg5 e6 7.Nf3 Be7 8.c5 O-O
9.Bb5 Ne4 10.Bxe7 Nxe7 11.Rc1 Bd7 12.Bd3 f5 13.O-O Ng6 14.b4 Qf6 15.Re1
Rac8 16.b5 Rfd8 17.a4 Be8 18.Rc2 Kh8 19.Ne2 e5 20.Qa1 exd4 21.Rec1 Rc7
22.Qxd4 Rdc8 23.Qxf6 gxf6 24.Nfd4 Ne5 25.Nf4 Bg6 26.c6 bxc6 27.bxc6 Nxd3
28.Nxd3 Nd6 29.Nf4 Bf7 30.Rc5 Nc4 31.Nxd5 Bxd5 32.Rxd5 Nb6 33.Rd6 Nxa4
34.Nxf5 a5 35.Rcd1 h5 36.Rd8+ Kh7 37.R8d7+ Kh8 38.Ne7   1-0

[Event "Corus Chess 2009 - C"]
[Site "Wijk aan Zee"]
[Date "20.01.2009"]
[Round "4C"]
[White "Pruijssers,R"]
[Black "Harika,D"]
[Result "1/2-1/2"]
[BlackElo "2473"]
[EventDate "2009.01.17"]
[WhiteElo "2444"]

1.e4 e5 2.Nf3 Nc6 3.Bb5 Nf6 4.O-O Nxe4 5.d4 Nd6 6.Bxc6 dxc6 7.dxe5 Nf5 8.Qxd8+
Kxd8 9.Nc3 Ke8 10.h3 b6 11.a3 Bb7 12.Rd1 Rc8 13.Bf4 c5 14.Nd5 Nd4 15.Nxd4
Bxd5 16.Nb5 Bc4 17.a4 a6 18.Nc3 Be7 19.a5 b5 20.b3 Be6 21.Nd5 Bxd5 22.Rxd5
Rd8 23.c4 c6 24.Rdd1 h5 25.cxb5 cxb5 26.Be3 h4 27.Rxd8+ Kxd8 28.Rd1+ Ke8
29.Rd5 c4 30.bxc4 bxc4 31.f4 Rh6 32.Kf2 c3 33.Bc1 Rc6 34.f5 g6 35.f6 Rc5
36.Rd4 Bd8 37.Re4 Bxa5 38.Ke2 Bc7 39.Kd3 Rxe5 40.Rxh4 Ba5 41.Rh8+ Kd7 42.Ra8
Rd5+ 43.Kc2 Rd6 44.Ra7+ Ke6 45.Bg5 Bd8 46.Kxc3 Bxf6+ 47.Bxf6 Kxf6 48.h4
Kg7 49.g4 Rf6 50.g5 Rf4 51.Rxa6 Rxh4 52.Kd3 Rf4 53.Ra5 Kf8 54.Ke3 Rc4 55.Re5
Rc8 56.Kf4 Re8 57.Rxe8+ Kxe8 58.Ke4 Ke7 59.Ke5 Kf8 60.Kf4 Kg8 61.Kg4 Kg7
62.Kg3   1/2-1/2

[Event "Corus Chess 2009 - C"]
[Site "Wijk aan Zee"]
[Date "20.01.2009"]
[Round "4C"]
[White "Holzke,F"]
[Black "Leon Hoyos,M"]
[Result "1-0"]
[BlackElo "2542"]
[EventDate "2009.01.17"]
[WhiteElo "2524"]

1.d4 Nf6 2.Nf3 e6 3.c4 b6 4.g3 Bb7 5.Bg2 Be7 6.Nc3 O-O 7.Qc2 c5 8.d5 exd5
9.cxd5 d6 10.O-O Nbd7 11.Nd2 Ne8 12.a4 f5 13.e4 fxe4 14.Ndxe4 Ba6 15.Rd1
h6 16.Ne2 g5 17.b4 Bf6 18.Nxf6+ Qxf6 19.Bb2 Qxf2+ 20.Kh1 Ng7 21.b5 Rae8
22.Be4 Rxe4 23.Qxe4 Re8 24.Qg6 Qf3+ 25.Kg1 Qe3+ 26.Kh1 Qf3+ 27.Kg1 Ne5
28.Bxe5 Qe3+ 29.Kh1 Qf3+ 30.Kg1 Qe3+ 31.Kh1 Rxe5 32.Qd3 Bb7 33.Qxe3 Rxe3
34.Rd2 Nf5 35.Kg1 Re5 36.Kf2 Ne3 37.Nc3 Ng4+ 38.Kf1 Re3 39.Rc1 Ne5 40.Re2
Rd3 41.Ne4 Nf7 42.Nf6+ Kg7 43.Re7 Kxf6 44.Rxb7 Ne5 45.Rxa7 Rd2 46.Ra6 Kf5
47.Rxb6 Nf3 48.Rc3 Ke4 49.Rxf3 Kxf3 50.Ke1 Rxh2 51.Rxd6 Ra2 52.Rxh6 Rxa4
53.d6 Ra7 54.Re6 Rd7 55.Kd2 Kg4 56.Kc3 Kf5 57.Rh6 g4 58.Kc4 Kg5 59.Re6
Kf5 60.Kd5   1-0

[Event "Corus Chess 2009 - C"]
[Site "Wijk aan Zee"]
[Date "20.01.2009"]
[Round "4C"]
[White "Bitalzadeh,A"]
[Black "Iturrizaga,E"]
[Result "1-0"]
[BlackElo "2528"]
[EventDate "2009.01.17"]
[WhiteElo "2400"]

1.e4 c6 2.d4 d5 3.e5 c5 4.Nf3 Nc6 5.c4 cxd4 6.Nxd4 e6 7.Nc3 Qb6 8.Ndb5 d4
9.Ne4 Nxe5 10.Qxd4 Qxd4 11.Nxd4 Bd7 12.f4 Ng4 13.Be2 N8f6 14.Bf3 Nxe4 15.Bxe4
O-O-O 16.h3 Ba4 17.Nb3 Bb4+ 18.Ke2 Nf6 19.Bf3 Rhe8 20.Rd1 e5 21.Rxd8+ Kxd8
22.fxe5 Rxe5+ 23.Kd3 Bd7 24.Bxb7 Bf5+ 25.Kd4 Re7 26.Bf3 Bd6 27.c5 Be5+
28.Kc4 Rd7 29.c6 Be6+ 30.Kb5 a6+ 31.Kxa6 Rd3 32.Nc5 Bc8+ 33.Kb5 Rd4 34.Be3
Rh4 35.Rd1+ Kc7 36.Bg5 Rd4 37.Rxd4 Bxd4 38.Bf4+ Kd8 39.Nb7+ Ke7 40.Nd6
  1-0

[Event "Corus Chess 2009 - C"]
[Site "Wijk aan Zee"]
[Date "20.01.2009"]
[Round "4C"]
[White "So,W"]
[Black "Gupta,Ab"]
[Result "1/2-1/2"]
[BlackElo "2569"]
[EventDate "2009.01.17"]
[WhiteElo "2627"]

1.e4 e5 2.Nf3 Nc6 3.Bb5 a6 4.Ba4 Nf6 5.O-O Be7 6.Re1 b5 7.Bb3 O-O 8.c3 d5
9.exd5 Nxd5 10.Nxe5 Nxe5 11.Rxe5 c6 12.d4 Bd6 13.Re1 Qh4 14.g3 Qh3 15.Qe2
Bg4 16.Qf1 Qh5 17.Nd2 Rae8 18.f3 f5 19.fxg4 fxg4 20.Rxe8 Qxe8 21.Qg2 Qe3+
22.Kh1 Rf2 23.Qg1 Bxg3 24.Qxg3 Qe2 25.Qg1 Kh8 26.Bd1 Rxh2+ 27.Qxh2 Qe1+
  1/2-1/2